000 00199nam a2200085Ia 4500
008 120527s9999 xx 000 0 und d
100 _aLarson & Scott
245 _aMacro Economics software
942 _cBK
999 _c27130
_d27130